[Event "Bucharest TICC"]
[Site "Bucharest"]
[Date "1996.??.??"]
[Round "?"]
[White "Florescu, Codrut-Constantin"]
[Black "Badea Takacs, Bela"]
[Result "0-1"]
[WhiteElo "2295"]
[BlackElo "2520"]
[PlyCount "92"]
[EventDate "1996.??.??"]
[EventRounds "14"]
[EventCountry "ROM"]
[EventCategory "3"]
[Source "ChessBase"]
[SourceDate "2000.11.22"]

1. e4 c5 2. Ne2 Nc6 3. d4 cxd4 4. Nxd4 Qc7 5. Nc3 e6 6. Be2 a6 7. O-O b5 8. a3
Bb7 9. Be3 Nf6 10. f4 Bc5 11. e5 Qb6 12. Bf3 Bxd4 13. Bxd4 Nxd4 14. Bxb7 Nf5+
15. Rf2 Qxb7 16. exf6 gxf6 17. Qe2 d5 18. Rd1 O-O-O 19. Rd3 Nd6 20. f5 Nxf5 21.
Rxf5 exf5 22. Qf3 d4 23. Qxf5+ Qd7 24. Qf3 Qb7 25. Qf5+ Kb8 26. Ne2 Rhf8 27.
Qf2 Rde8 28. Ng3 Re6 29. Rxd4 Rfe8 30. h3 Qc7 31. a4 Rd6 32. Rxd6 Qxd6 33. axb5
axb5 34. c3 Qe5 35. Qb6+ Kc8 36. Nf1 Re6 37. Qa7 Qc7 38. Qa8+ Qb8 39. Qf3 Kd8
40. Qd3+ Ke7 41. Qxh7 Re2 42. Qd3 Qg3 43. Kh1 Qd6 44. Qg3 Rxb2 45. Ne3 Qxg3 46.
Kg1 Ke6 0-1

[Event "Bucharest TICC"]
[Site "Bucharest"]
[Date "1996.??.??"]
[Round "?"]
[White "Florescu, Codrut-Constantin"]
[Black "Chirila, Radu Catalin "]
[Result "0-1"]
[WhiteElo "2295"]
[BlackElo "2245"]
[PlyCount "60"]
[EventDate "1996.??.??"]
[EventRounds "14"]
[EventCountry "ROM"]
[EventCategory "3"]
[Source "ChessBase"]
[SourceDate "2000.11.22"]

1. e4 e6 2. d4 d5 3. Nc3 Nf6 4. e5 Nfd7 5. f4 c5 6. Nf3 Nc6 7. Be3 Qb6 8. Na4
Qa5+ 9. c3 cxd4 10. b4 Qc7 11. Nxd4 a6 12. Bd3 b5 13. Nb2 Ncxe5 14. fxe5 Qxc3+
15. Qd2 Bxb4 16. Ke2 Nxe5 17. Qxc3 Bxc3 18. Rab1 Nxd3 19. Kxd3 b4 20. Ne2 e5
21. Nxc3 bxc3 22. Kxc3 d4+ 23. Bxd4 exd4+ 24. Kxd4 O-O 25. Nc4 Be6 26. Nd6 Bxa2
27. Ra1 Rfd8 28. Ke5 Be6 29. Ra5 Ra7 30. Nb5 Rad7 0-1

[Event "Bucharest TICC"]
[Site "Bucharest"]
[Date "1996.??.??"]
[Round "?"]
[White "Florescu, Codrut-Constantin"]
[Black "Dinu, George Daniel"]
[Result "1-0"]
[WhiteElo "2295"]
[BlackElo "2295"]
[PlyCount "105"]
[EventDate "1996.??.??"]
[EventRounds "14"]
[EventCountry "ROM"]
[EventCategory "3"]
[Source "ChessBase"]
[SourceDate "2000.11.22"]

1. d4 d5 2. Nf3 Nf6 3. Bf4 g6 4. e3 Bg7 5. Bd3 O-O 6. O-O b6 7. h3 Ba6 8. Ne5
Bxd3 9. cxd3 c5 10. Qa4 cxd4 11. exd4 Qe8 12. Qc2 Na6 13. Nc3 Rc8 14. Qb3 Nc7
15. Rfc1 Nh5 16. Be3 Bxe5 17. dxe5 d4 18. Bxd4 Nf4 19. Be3 Nxd3 20. Rd1 Nc5 21.
Bxc5 bxc5 22. Qb7 a6 23. b4 f6 24. Rd2 fxe5 25. Re1 Qf7 26. Rxe5 Rcd8 27. Rde2
Rd7 28. Qc6 e6 29. Qxc5 Nd5 30. Nxd5 Rxd5 31. Rxd5 exd5 32. Re7 Qf5 33. Qd4 Rf7
34. Re8+ Rf8 35. Re5 Qb1+ 36. Kh2 Qxa2 37. Rxd5 Rxf2 38. Rd8+ Rf8 39. Rxf8+
Kxf8 40. Qh8+ Kf7 41. Qxh7+ Kf6 42. Qh4+ Kf7 43. Qf4+ Kg7 44. Qe5+ Kh7 45. Qe7+
Kh6 46. h4 Qa1 47. Qe8 Qd4 48. Qf8+ Kh7 49. Qc5 Qf4+ 50. Kg1 Qf6 51. b5 Qa1+
52. Kh2 Qa4 53. Qc7+ 1-0

[Event "Bucharest TICC"]
[Site "Bucharest"]
[Date "1996.??.??"]
[Round "?"]
[White "Florescu, Codrut-Constantin"]
[Black "Kamenets, Anatolij"]
[Result "1-0"]
[WhiteElo "2295"]
[BlackElo "2340"]
[PlyCount "74"]
[EventDate "1996.??.??"]
[EventRounds "14"]
[EventCountry "ROM"]
[EventCategory "3"]
[Source "ChessBase"]
[SourceDate "2000.11.22"]

1. e4 c5 2. Nf3 g6 3. d4 Bg7 4. d5 d6 5. Bd3 Nf6 6. h3 O-O 7. O-O b5 8. c3 e6
9. a4 exd5 10. exd5 Bb7 11. axb5 Bxd5 12. Bg5 Nbd7 13. c4 Bb7 14. Nc3 h6 15.
Bh4 g5 16. Bg3 Nb6 17. Bxd6 Bxf3 18. gxf3 Qc8 19. Bxf8 Kxf8 20. Re1 Nh5 21. Bf1
Bd4 22. Re4 Qd7 23. Ne2 Bxb2 24. Qxd7 Nxd7 25. Ra2 Be5 26. Re3 Bc7 27. Rea3 Bd6
28. Nc3 Nf4 29. Na4 Bc7 30. Rd2 Rd8 31. Nc3 Bb6 32. Ne2 Ng6 33. Ng3 Nge5 34.
Nf5 h5 35. Be2 h4 36. Ne3 Ng6 37. Rdd3 Ke8 1-0

[Event "Bucharest TICC"]
[Site "Bucharest"]
[Date "1996.??.??"]
[Round "?"]
[White "Florescu, Codrut-Constantin"]
[Black "Petrenko, Svetlana"]
[Result "1/2-1/2"]
[WhiteElo "2295"]
[BlackElo "2225"]
[PlyCount "140"]
[EventDate "1996.??.??"]
[EventRounds "14"]
[EventCountry "ROM"]
[EventCategory "3"]
[Source "ChessBase"]
[SourceDate "2000.11.22"]

1. d4 Nf6 2. Nf3 g6 3. Bg5 Bg7 4. e3 c5 5. c3 cxd4 6. exd4 d5 7. Bd3 Qb6 8. Qb3
Qe6+ 9. Be2 O-O 10. Qc2 h6 11. Bxf6 Qxf6 12. O-O Nc6 13. Nbd2 Rd8 14. Rfe1 Bf5
15. Bd3 Bxd3 16. Qxd3 Rac8 17. Re2 e6 18. Nb3 Bf8 19. Rae1 b6 20. a4 Rb8 21.
Re3 Rdc8 22. g3 Rc7 23. Kg2 Ne7 24. Ne5 Nf5 25. R3e2 Nd6 26. f4 Nc4 27. Nc1 Qf5
28. Qxf5 gxf5 29. Ncd3 b5 30. axb5 Rxb5 31. Ra1 a5 32. Nxc4 Rxc4 33. Ra2 Rc8
34. Re1 Bd6 35. Rea1 Bc7 36. Kf3 Bb6 37. h3 h5 38. Rg1 Kf8 39. g4 hxg4+ 40.
hxg4 fxg4+ 41. Rxg4 Ke7 42. Ne5 Kf6 43. Rh4 Bc7 44. Nd3 Bd6 45. Ra1 Rg8 46.
Rah1 Rbb8 47. Rh7 Rg6 48. Rh8 Rbg8 49. Rxg8 Rxg8 50. Ra1 Bc7 51. Ne5 Rh8 52.
Ra3 Rh1 53. Rb3 Bxe5 54. fxe5+ Kg6 55. Ke2 f6 56. Rb6 Kf5 57. exf6 Kxf6 58. Kd2
Ra1 59. Ra6 a4 60. b4 Ke7 61. Kc2 Ra2+ 62. Kb1 Ra3 63. Kb2 Rb3+ 64. Kc2 Ra3 65.
Kd3 Kd7 66. Ra5 Kc7 67. Rc5+ Kd7 68. Kc2 Ra2+ 69. Kb1 Ra3 70. Kb2 Rb3+ 1/2-1/2

[Event "Bucharest TICC"]
[Site "Bucharest"]
[Date "1996.??.??"]
[Round "?"]
[White "Mateuta, Gabriel"]
[Black "Florescu, Codrut-Constantin"]
[Result "1/2-1/2"]
[WhiteElo "2240"]
[BlackElo "2295"]
[PlyCount "54"]
[EventDate "1996.??.??"]
[EventRounds "14"]
[EventCountry "ROM"]
[EventCategory "3"]
[Source "ChessBase"]
[SourceDate "2000.11.22"]

1. d4 Nf6 2. Nf3 b6 3. g3 Bb7 4. Bg2 g6 5. O-O Bg7 6. c4 O-O 7. d5 b5 8. Nfd2
bxc4 9. Nxc4 c5 10. Bd2 d6 11. Ba5 Qc8 12. Nc3 Ba6 13. Na3 Nbd7 14. Qd2 Rb8 15.
Rab1 Nb6 16. b3 Qd7 17. Rfd1 Rfc8 18. Nc2 h5 19. Ne1 Ng4 20. h3 Nf6 21. Nf3 Qe8
22. Re1 Rb7 23. Rbd1 Qf8 24. Qg5 Bh6 25. Qh4 Qg7 26. g4 g5 27. Qg3 h4 1/2-1/2

[Event "Bucharest TICC"]
[Site "Bucharest"]
[Date "1996.??.??"]
[Round "?"]
[White "Negureanu, Dan"]
[Black "Florescu, Codrut-Constantin"]
[Result "0-1"]
[WhiteElo "2265"]
[BlackElo "2295"]
[PlyCount "66"]
[EventDate "1996.??.??"]
[EventRounds "14"]
[EventCountry "ROM"]
[EventCategory "3"]
[Source "ChessBase"]
[SourceDate "2000.11.22"]

1. Nf3 d5 2. d4 Nf6 3. g3 e6 4. Bg2 Be7 5. O-O O-O 6. c4 dxc4 7. Qc2 a6 8. Qxc4
b5 9. Qc2 Bb7 10. Nc3 Nbd7 11. Bg5 Ra7 12. a3 Qa8 13. b4 h6 14. Bd2 Nb6 15. Ne1
Bxg2 16. Nxg2 Rd8 17. Be3 Ne4 18. Rfd1 c6 19. Bc1 a5 20. Rb1 axb4 21. axb4 Nd5
22. Nxd5 cxd5 23. Ne1 Rc8 24. Qb3 Ra2 25. Kf1 Rc7 26. Nd3 Rca7 27. Nc5 Qd8 28.
Rd3 Bg5 29. e3 Qf6 30. Bb2 Qf3 31. Kg1 R7a3 32. Qxa3 Rxa3 33. Bxa3 Bxe3 0-1

[Event "Bucharest TICC"]
[Site "Bucharest"]
[Date "1996.??.??"]
[Round "?"]
[White "Nevednichy, Boris"]
[Black "Florescu, Codrut-Constantin"]
[Result "1-0"]
[WhiteElo "2335"]
[BlackElo "2295"]
[PlyCount "117"]
[EventDate "1996.??.??"]
[EventRounds "14"]
[EventCountry "ROM"]
[EventCategory "3"]
[Source "ChessBase"]
[SourceDate "2000.11.22"]

1. e4 c5 2. Nf3 d6 3. d4 cxd4 4. Qxd4 Bd7 5. c4 Nc6 6. Qd2 g6 7. b3 Bg7 8. Bb2
Nf6 9. Nc3 O-O 10. Be2 Qa5 11. Rb1 Rfc8 12. O-O Qd8 13. Rfe1 Bg4 14. h3 Bxf3
15. Bxf3 Qf8 16. g4 Nd7 17. Bg2 Rd8 18. Rbd1 a5 19. Nd5 e6 20. Nc7 Bxb2 21.
Qxb2 Rab8 22. Nb5 Nc5 23. Re2 Rd7 24. Red2 Rbd8 25. Qc3 Qe7 26. Qg3 e5 27. f4
exf4 28. Qxf4 Ne5 29. Nc3 Ne6 30. Qg3 Qg5 31. Nd5 Kg7 32. Rf2 h5 33. Nf6 h4 34.
Qc3 Rc7 35. Rxd6 Rxd6 36. Ne8+ Kg8 37. Nxd6 Nf4 38. Nf5 Nfd3 39. Bf1 gxf5 40.
Bxd3 fxe4 41. Be2 Ng6 42. Qd4 Ne5 43. Qd2 Ng6 44. Bf3 Qc5 45. Qd5 Ne5 46. Qxc5
Rxc5 47. Be2 Ng6 48. Rf1 Re5 49. Bf3 b5 50. cxb5 Rxb5 51. Rc1 Kg7 52. Be2 Rb7
53. Rc5 a4 54. Bc4 axb3 55. Bxb3 Re7 56. Bd5 Ne5 57. a4 Ra7 58. a5 Kf6 59. Rb5
1-0

[Event "Bucharest op"]
[Site "?"]
[Date "1995.??.??"]
[Round "?"]
[White "Florescu, Codrut-Constantin"]
[Black "Covlea, Vlad"]
[Result "1-0"]
[WhiteElo "2330"]
[BlackElo "2190"]
[PlyCount "35"]
[EventDate "1995.??.??"]

1. d4 c5 2. d5 f5 3. Nf3 Nf6 4. Nc3 d6 5. Ng5 g6 6. e4 fxe4 7. Bb5+ Bd7 8. Ne6
Qc8 9. Qe2 a6 10. Bxd7+ Qxd7 11. Bg5 h6 12. Bxf6 exf6 13. Qxe4 Kf7 14. g4 Be7
15. O-O-O b5 16. h4 Nc6 17. Nxc5 dxc5 18. dxc6 1-0

[Event "Bucharest op"]
[Site "Bucharest"]
[Date "1995.??.??"]
[Round "?"]
[White "Dovramadjiev, Tihomir"]
[Black "Florescu, Codrut-Constantin"]
[Result "0-1"]
[WhiteElo "2255"]
[BlackElo "2330"]
[PlyCount "62"]
[EventDate "1995.??.??"]
[EventRounds "9"]
[EventCountry "ROM"]
[Source "ChessBase"]
[SourceDate "2001.11.25"]

1. e4 c5 2. Nc3 e6 3. g3 Nc6 4. Bg2 g6 5. d3 Bg7 6. f4 d6 7. Nf3 Nge7 8. O-O
O-O 9. Be3 b6 10. d4 d5 11. exd5 exd5 12. Bf2 Bf5 13. Re1 Rb8 14. Rb1 cxd4 15.
Nb5 d3 16. cxd3 Bg4 17. h3 Bd7 18. Qd2 Qc8 19. Kh2 Qa6 20. Na3 Rfe8 21. Ne5
Nxe5 22. fxe5 Bf5 23. Rbd1 b5 24. g4 Be6 25. Bc5 Nc6 26. d4 b4 27. Nc2 Qxa2 28.
Nxb4 Nxb4 29. Bxb4 Bh6 30. Qc3 Rec8 31. Ra1 Rxc3 0-1

[Event "Bucharest op"]
[Site "Bucharest"]
[Date "1995.??.??"]
[Round "?"]
[White "Florescu, Codrut-Constantin"]
[Black "Covlea, Vlad"]
[Result "1-0"]
[WhiteElo "2330"]
[BlackElo "2190"]
[PlyCount "35"]
[EventDate "1995.??.??"]
[EventRounds "9"]
[EventCountry "ROM"]
[Source "ChessBase"]
[SourceDate "2001.11.25"]

1. d4 c5 2. d5 f5 3. Nf3 Nf6 4. Nc3 d6 5. Ng5 g6 6. e4 fxe4 7. Bb5+ Bd7 8. Ne6
Qc8 9. Qe2 a6 10. Bxd7+ Qxd7 11. Bg5 h6 12. Bxf6 exf6 13. Qc4 Kf7 14. g4 Be7
15. O-O-O b5 16. h4 Nc6 17. Nxc5 dxc5 18. dxc6+ 1-0

[Event "Bucharest op"]
[Site "Bucharest"]
[Date "1995.??.??"]
[Round "?"]
[White "Florescu, Codrut-Constantin"]
[Black "Ghitescu, Theodor"]
[Result "1/2-1/2"]
[WhiteElo "2330"]
[BlackElo "2395"]
[PlyCount "30"]
[EventDate "1995.??.??"]
[EventRounds "9"]
[EventCountry "ROM"]
[Source "ChessBase"]
[SourceDate "2001.11.25"]

1. e4 c5 2. Nf3 e6 3. d4 cxd4 4. Nxd4 Nf6 5. Nc3 d6 6. g4 h6 7. h4 Nc6 8. Rg1
h5 9. gxh5 Nxh5 10. Bg5 Nf6 11. Be2 Bd7 12. h5 a6 13. Qd2 Be7 14. O-O-O Nxd4
15. Qxd4 Bc6 1/2-1/2

[Event "Bucharest op"]
[Site "Bucharest"]
[Date "1995.??.??"]
[Round "?"]
[White "Florescu, Codrut-Constantin"]
[Black "Negulescu, Adrian"]
[Result "0-1"]
[WhiteElo "2330"]
[BlackElo "2380"]
[PlyCount "64"]
[EventDate "1995.??.??"]
[EventRounds "9"]
[EventCountry "ROM"]
[Source "ChessBase"]
[SourceDate "2001.11.25"]

1. e4 c5 2. Nf3 d6 3. d4 cxd4 4. Nxd4 Nf6 5. Nc3 a6 6. Bg5 Nc6 7. Qd2 Bd7 8.
O-O-O b5 9. Bxf6 gxf6 10. Kb1 e6 11. Nxc6 Bxc6 12. Bd3 Qb6 13. Rhe1 O-O-O 14.
f4 h5 15. Rf1 b4 16. Ne2 d5 17. exd5 Bxd5 18. Nc1 f5 19. Nb3 a5 20. Qf2 Qxf2
21. Rxf2 a4 22. Nd2 Bc5 23. Re2 h4 24. Rf1 Rdg8 25. Nf3 h3 26. g3 Rxg3 27. hxg3
Bxf3 28. Rxf3 h2 29. Rxh2 Rxh2 30. Kc1 Rf2 31. Rxf2 Bxf2 32. Kd2 Bxg3 0-1

[Event "Bucharest op"]
[Site "Bucharest"]
[Date "1995.??.??"]
[Round "?"]
[White "Moldovan , Daniel"]
[Black "Florescu, Codrut-Constantin"]
[Result "1/2-1/2"]
[WhiteElo "2420"]
[BlackElo "2330"]
[PlyCount "32"]
[EventDate "1995.??.??"]
[EventRounds "9"]
[EventCountry "ROM"]
[Source "ChessBase"]
[SourceDate "2001.11.25"]

1. e4 c5 2. Nc3 e6 3. Nge2 d6 4. g3 Nc6 5. Bg2 Nf6 6. O-O Be7 7. d3 O-O 8. h3
Rb8 9. g4 b5 10. Ng3 b4 11. Nce2 d5 12. g5 Ne8 13. f4 dxe4 14. dxe4 Ba6 15. Be3
Nd4 16. Re1 e5 1/2-1/2

[Event "ROM-chT"]
[Site "?"]
[Date "1995.??.??"]
[Round "?"]
[White "Moldovan , Daniel"]
[Black "Florescu, Codrut-Constantin"]
[Result "1-0"]
[WhiteElo "2420"]
[BlackElo "2330"]
[PlyCount "55"]
[EventDate "1995.??.??"]

1. e4 c5 2. Nf3 e6 3. d4 cxd4 4. Nxd4 Nf6 5. Nc3 d6 6. f4 a6 7. Be2 Nbd7 8. Bf3
g6 9. Qe2 e5 10. Nb3 b5 11. a3 Bb7 12. g4 h6 13. f5 Rc8 14. fxg6 fxg6 15. g5
hxg5 16. Bxg5 Rxc3 17. bxc3 Qc7 18. O-O Bg7 19. Rad1 O-O 20. Qd3 Rf7 21. Qxd6
Qxc3 22. Bg2 Qxc2 23. Qe6 Qc4 24. Qxc4 bxc4 25. Na5 Nc5 26. Rd8+ Kh7 27. Nxc4
Ncd7 28. Nd6 1-0

[Event "ROM-chT"]
[Site "?"]
[Date "1995.??.??"]
[Round "?"]
[White "Neamtu, Serban-Constantin"]
[Black "Florescu, Codrut-Constantin"]
[Result "1/2-1/2"]
[WhiteElo "2325"]
[BlackElo "2330"]
[PlyCount "39"]
[EventDate "1995.??.??"]

1. Nf3 Nf6 2. c4 b6 3. g3 c5 4. Bg2 Bb7 5. O-O e6 6. Nc3 Be7 7. d4 cxd4 8. Qxd4
d6 9. b3 a6 10. Ba3 Nc6 11. Qf4 Qc7 12. Rac1 O-O 13. Rfd1 Ne5 14. Qd2 Nxf3+ 15.
Bxf3 Bxf3 16. exf3 Rfd8 17. Qe2 Qb7 18. Rc2 Rd7 19. Rcd2 Rad8 20. Ne4 1/2-1/2

[Event "ROM-chT"]
[Site "ROM"]
[Date "1995.??.??"]
[Round "?"]
[White "Catoiu, Adrian"]
[Black "Florescu, Codrut-Constantin"]
[Result "0-1"]
[WhiteElo "2160"]
[BlackElo "2330"]
[PlyCount "71"]
[EventDate "1995.??.??"]
[Source "ChessBase"]
[SourceDate "1998.11.10"]

1. Nf3 Nf6 2. g3 b6 3. Bg2 Bb7 4. O-O e6 5. d4 Be7 6. c3 O-O 7. Nbd2 c5 8. Re1
d5 9. Qc2 Qc7 10. Nf1 Nc6 11. Bf4 Qc8 12. Rac1 h6 13. Red1 Rd8 14. Ne5 Nxe5 15.
dxe5 Nd7 16. h4 g5 17. hxg5 hxg5 18. Bd2 Nxe5 19. f4 gxf4 20. Bxf4 Ng6 21. e4
e5 22. Be3 d4 23. Bf2 Kg7 24. c4 Rh8 25. Rd3 Bc6 26. Qe2 Bd7 27. Be1 Bg5 28.
Rc2 Rh6 29. Bd2 Bxd2 30. Rcxd2 Be6 31. b3 Qh8 32. Qf3 Kf8 33. Rf2 Ke7 34. a4
Rg8 35. a5 Nf4 36. gxf4 0-1

[Event "ROM-chT"]
[Site "ROM"]
[Date "1995.??.??"]
[Round "?"]
[White "Florescu, Codrut-Constantin"]
[Black "Breahna, Radu"]
[Result "1/2-1/2"]
[WhiteElo "2330"]
[BlackElo "2355"]
[PlyCount "40"]
[EventDate "1995.??.??"]
[Source "ChessBase"]
[SourceDate "1998.11.10"]

1. d4 d5 2. c4 dxc4 3. Nf3 Nf6 4. Nc3 a6 5. a4 Nc6 6. e4 Bg4 7. Be3 Bxf3 8.
gxf3 e5 9. dxe5 Nxe5 10. f4 Nd3+ 11. Bxd3 Qxd3 12. e5 Qxd1+ 13. Rxd1 Ng4 14.
Ke2 f6 15. Rd4 fxe5 16. fxe5 Nxe3 17. fxe3 Bb4 18. Nd5 Ba5 19. Rg1 c6 20. Nf4
g6 1/2-1/2

[Event "ROM-chT"]
[Site "ROM"]
[Date "1995.??.??"]
[Round "?"]
[White "Florescu, Codrut-Constantin"]
[Black "Moldovan , Daniel"]
[Result "1-0"]
[WhiteElo "2330"]
[BlackElo "2420"]
[PlyCount "41"]
[EventDate "1995.??.??"]
[Source "ChessBase"]
[SourceDate "1998.11.10"]

1. d4 Nf6 2. c4 g6 3. Nc3 Bg7 4. e4 d6 5. f3 c5 6. dxc5 dxc5 7. Qxd8+ Kxd8 8.
e5 Nfd7 9. f4 f6 10. Nf3 Nc6 11. Be3 fxe5 12. Ng5 exf4 13. Ne6+ Ke8 14. Bxf4
Kf7 15. Nc7 Rb8 16. Bd3 Nde5 17. Be4 Bf5 18. O-O Rhc8 19. Bd5+ Kf6 20. Ne6 g5
21. Bxe5+ 1-0

[Event "ROM-chT"]
[Site "ROM"]
[Date "1995.??.??"]
[Round "?"]
[White "Florescu, Codrut-Constantin"]
[Black "Zetocha, Claudiu"]
[Result "1/2-1/2"]
[WhiteElo "2330"]
[BlackElo "2315"]
[PlyCount "60"]
[EventDate "1995.??.??"]
[Source "ChessBase"]
[SourceDate "1998.11.10"]

1. d4 Nf6 2. c4 c5 3. d5 b5 4. cxb5 a6 5. bxa6 g6 6. Nc3 Bxa6 7. e4 Bxf1 8.
Kxf1 d6 9. Nf3 Nbd7 10. h3 Bg7 11. g3 O-O 12. Kg2 Qb6 13. Re1 Rfb8 14. Re2 Qa6
15. Bg5 h6 16. Be3 Nb6 17. Rc1 Nc4 18. b3 Nxe3+ 19. Rxe3 Nd7 20. Rc2 Rb4 21.
Ne2 h5 22. Nc1 c4 23. bxc4 Rxc4 24. Ra3 Qxa3 25. Rxc4 Nc5 26. Nd2 Bh6 27. Ndb3
Ra4 28. Qc2 Bxc1 29. Nxc1 Rb4 30. f3 Qb3 1/2-1/2

[Event "ROM-chT"]
[Site "ROM"]
[Date "1995.??.??"]
[Round "?"]
[White "Radovici, Corvin"]
[Black "Florescu, Codrut-Constantin"]
[Result "0-1"]
[WhiteElo "2360"]
[BlackElo "2330"]
[PlyCount "56"]
[EventDate "1995.??.??"]
[Source "ChessBase"]
[SourceDate "1998.11.10"]

1. d4 Nf6 2. c4 e6 3. Nf3 b6 4. e3 Bb7 5. Bd3 d5 6. cxd5 exd5 7. Bb5+ c6 8. Bd3
Bd6 9. Nc3 O-O 10. b3 Re8 11. O-O Nbd7 12. Bb2 Ne4 13. Rc1 f5 14. Ne2 Qf6 15.
Rc2 Qh6 16. Qa1 a5 17. a3 Re7 18. Ne5 Bxe5 19. dxe5 Ndc5 20. Bxe4 fxe4 21. Nc1
Ba6 22. Rd1 Re6 23. b4 Nd3 24. bxa5 bxa5 25. Bd4 Nxc1 26. Rdxc1 Rg6 27. Qb2 Qh3
28. f4 Qf3 0-1

[Event "Romania"]
[Site "?"]
[Date "1995.??.??"]
[Round "?"]
[White "Florescu, Codrut-Constantin"]
[Black "Rogozenco, Dorian"]
[Result "*"]
[WhiteElo "2305"]
[BlackElo "2440"]
[PlyCount "37"]
[EventDate "1995.??.??"]

{64/(161)} 1. e4 c5 2. Nf3 e6 3. d4 cxd4 4. Nxd4 Nf6 5. Nc3 Nc6 6. Ndb5 d6 7.
Bf4 e5 8. Bg5 a6 9. Na3 b5 10. Nd5 Be7 11. Bxf6 Bxf6 12. c3 Rb8 13. Nc2 Bg5 14.
a3 a5 15. Bd3 Ne7 16. Nxe7 Qxe7 17. Qe2 Bd7 18. b4 $1 axb4 19. Nxb4 $14 *

[Event "Romania"]
[Site "?"]
[Date "1995.??.??"]
[Round "?"]
[White "Moldovan , Daniel"]
[Black "Florescu, Codrut-Constantin"]
[Result "*"]
[WhiteElo "2395"]
[BlackElo "2295"]
[Annotator "Stoica,V"]
[PlyCount "31"]
[EventDate "1995.??.??"]

{65/(231)} 1. e4 c5 2. Nf3 e6 3. d4 cxd4 4. Nxd4 Nf6 5. Nc3 d6 6. f4 a6 7. Be2
Nbd7 8. Bf3 g6 9. Qe2 $5 $146 (9. Be3) 9... e5 10. Nb3 b5 11. a3 Bb7 12. g4 h6
13. f5 $1 Rc8 (13... gxf5 $5 14. exf5 (14. gxf5 $6 Rc8 $15) 14... Bxf3 15. Qxf3
d5 $5 (15... e4 16. Qg2 $1 d5 17. Be3 Rc8 18. Bd4 $14) 16. Be3 $5 (16. Nxd5
Nxd5 17. Qxd5 Qh4+ 18. Kf1 Rc8 $36) 16... d4 17. Nxd4 exd4 18. Bxd4 $44) 14.
fxg6 fxg6 15. g5 hxg5 16. Bxg5 $14 *

[Event "ROM-chT"]
[Site "ROM"]
[Date "1994.??.??"]
[Round "?"]
[White "Bogdan , Dan"]
[Black "Florescu, Codrut-Constantin"]
[Result "1/2-1/2"]
[WhiteElo "2290"]
[BlackElo "2410"]
[PlyCount "86"]
[EventDate "1994.??.??"]
[Source "ChessBase"]
[SourceDate "1997.11.17"]

1. g3 e5 2. Bg2 Nc6 3. c4 d6 4. Nc3 Be6 5. d3 Qd7 6. Rb1 g6 7. Nd5 Bg7 8. b4
Nd8 9. b5 c6 10. bxc6 bxc6 11. Nc3 f5 12. Qc2 Ne7 13. Ba3 O-O 14. Nf3 Nf7 15.
O-O Rab8 16. Nd2 Qc7 17. Bb4 c5 18. Ba3 Qa5 19. Bb2 a6 20. a3 Bd7 21. Nd5 Nxd5
22. cxd5 Ba4 23. Qc1 Rb5 24. Nc4 Qc7 25. Bc3 Rfb8 26. Rxb5 axb5 27. Na5 b4 28.
axb4 cxb4 29. Nc6 Bxc6 30. Bb2 Rb6 31. dxc6 e4 32. Bxg7 Kxg7 33. Qa1+ Ne5 34.
dxe4 b3 35. Rb1 Qxc6 36. exf5 Qc2 37. Bd5 b2 38. Qa7+ Kf6 39. Ba2 Qc1+ 40. Kg2
Qc6+ 41. f3 Nxf3 42. fxg6 Nh4+ 43. Kf2 Qc5+ 1/2-1/2

[Event "ROM-chT"]
[Site "ROM"]
[Date "1994.??.??"]
[Round "?"]
[White "Florescu, Codrut-Constantin"]
[Black "Cozianu, Costin"]
[Result "0-1"]
[WhiteElo "2410"]
[BlackElo "2295"]
[PlyCount "66"]
[EventDate "1994.??.??"]
[Source "ChessBase"]
[SourceDate "1997.11.17"]

1. Nf3 d5 2. e3 Nf6 3. b3 Bg4 4. Bb2 Nbd7 5. Be2 e6 6. c4 c6 7. O-O Bd6 8. d4
Qb8 9. Nbd2 O-O 10. h3 Bh5 11. Qc2 Re8 12. Bd3 a5 13. a3 Bg6 14. Bxg6 hxg6 15.
Rfe1 e5 16. dxe5 Nxe5 17. c5 Bc7 18. Ng5 Qd8 19. f4 Ned7 20. Ndf3 Qe7 21. Bd4
Ne4 22. Nxe4 dxe4 23. Nd2 g5 24. fxg5 Qxg5 25. Rac1 Qg6 26. Rf1 Re6 27. Rf2 Bg3
28. Re2 Rae8 29. Nf1 Bc7 30. Rd1 Nf8 31. Rf2 Qg5 32. g4 Qh4 33. Kg2 Rh6 0-1

[Event "ROM-chT"]
[Site "ROM"]
[Date "1994.??.??"]
[Round "?"]
[White "Florescu, Codrut-Constantin"]
[Black "Iordachescu, Viorel"]
[Result "0-1"]
[WhiteElo "2410"]
[BlackElo "2450"]
[PlyCount "73"]
[EventDate "1994.??.??"]
[Source "ChessBase"]
[SourceDate "1997.11.17"]

1. e4 g6 2. d4 Bg7 3. Be3 c6 4. c3 Nf6 5. Nd2 d6 6. f3 O-O 7. Qc2 Qc7 8. Ne2
Nbd7 9. g4 e5 10. dxe5 Nxe5 11. h3 d5 12. g5 Nh5 13. f4 Nd7 14. O-O-O Nb6 15.
Bg2 dxe4 16. Bxe4 Nd5 17. Bxd5 cxd5 18. Nb3 Bf5 19. Qd2 a5 20. Nbd4 Be4 21.
Rhg1 a4 22. a3 Qc4 23. Nc2 Rfc8 24. Bd4 Bf8 25. Ng3 Nxg3 26. Rxg3 Qa2 27. Re1
Ra5 28. Rxe4 dxe4 29. Qe2 Re8 30. h4 Rf5 31. Be5 Bg7 32. Qb5 Rexe5 33. fxe5
Bxe5 34. Qe8+ Kg7 35. Re3 Bf4 36. Qxa4 Bxe3+ 37. Nxe3 0-1

[Event "ROM-chT"]
[Site "ROM"]
[Date "1994.??.??"]
[Round "?"]
[White "Florescu, Codrut-Constantin"]
[Black "Levin, Felix"]
[Result "0-1"]
[WhiteElo "2410"]
[BlackElo "2495"]
[PlyCount "100"]
[EventDate "1994.??.??"]
[Source "ChessBase"]
[SourceDate "1997.11.17"]

1. e4 c5 2. Nf3 d6 3. d4 cxd4 4. Nxd4 Nf6 5. Nc3 Nc6 6. Bc4 Qb6 7. Nb3 e6 8.
Bf4 Ne5 9. Be2 a6 10. Be3 Qc7 11. f4 Nc6 12. a4 b6 13. O-O Be7 14. Qe1 O-O 15.
g4 Nb4 16. Rc1 d5 17. exd5 Nfxd5 18. Nxd5 Nxd5 19. Bd2 Bb7 20. Bf3 Qc4 21. Qe4
Rac8 22. Rfe1 Bf6 23. Qxc4 Rxc4 24. c3 Ba8 25. Be2 Rxa4 26. Ra1 Rxa1 27. Rxa1
a5 28. Bf3 Rc8 29. Kg2 h6 30. Kg3 g5 31. fxg5 hxg5 32. Re1 Kg7 33. Nc1 b5 34.
Nd3 Nb6 35. Bxa8 Rxa8 36. Nc5 Nc4 37. Bc1 Be7 38. Ne4 Kg6 39. Kf2 Rd8 40. Ke2
a4 41. h3 Rd5 42. Rg1 f6 43. Rg3 Bd6 44. Rf3 Be5 45. Rf1 Nd6 46. Nxd6 Rxd6 47.
Be3 Rd8 48. Bd2 b4 49. Ra1 a3 50. bxa3 Rxd2+ 0-1

[Event "ROM-chT"]
[Site "ROM"]
[Date "1994.??.??"]
[Round "?"]
[White "Istratescu, Andrei"]
[Black "Florescu, Codrut-Constantin"]
[Result "1/2-1/2"]
[WhiteElo "2505"]
[BlackElo "2410"]
[PlyCount "120"]
[EventDate "1994.??.??"]
[Source "ChessBase"]
[SourceDate "1997.11.17"]

1. e4 c5 2. Ne2 d6 3. Nbc3 Nf6 4. g3 Nc6 5. Bg2 Bd7 6. Nd5 e6 7. Nxf6+ Qxf6 8.
d3 Nd4 9. f4 Ba4 10. Nxd4 cxd4 11. O-O Qd8 12. b3 Bd7 13. Bb2 Qb6 14. Qf3 f6
15. e5 O-O-O 16. exf6 gxf6 17. a4 a5 18. Qf2 e5 19. c3 exf4 20. Qxd4 Qxd4+ 21.
cxd4 fxg3 22. hxg3 Rg8 23. Kh2 f5 24. Bc3 Bh6 25. Bxa5 Rdf8 26. Ra2 Kb8 27. Rc2
Rc8 28. Rc4 Be3 29. d5 f4 30. Rxc8+ Kxc8 31. gxf4 Rg4 32. Rf3 Bxf4+ 33. Kg1 b5
34. axb5 Be5 35. Rf7 Rg7 36. Rf8+ Kb7 37. Kf1 Bxb5 38. Be4 Bd7 39. Bd2 Bh3+ 40.
Ke2 Bg4+ 41. Kf2 Bh5 42. Bf4 Bxf4 43. Rxf4 Rf7 44. Ke3 Rxf4 45. Kxf4 Bd1 46. b4
h5 47. Kf5 h4 48. Ke6 Kc7 49. b5 Bg4+ 50. Ke7 h3 51. b6+ Kxb6 52. Kxd6 h2 53.
d4 Kb5 54. Ke5 Kc4 55. d6 Bd7 56. Bd5+ Kd3 57. Bg2 Kc4 58. Bf3 Bh3 59. Bd5+ Kd3
60. Bh1 Kc4 1/2-1/2